| 000 | 00796cam a22002771 4500 | ||
|---|---|---|---|
| 999 |
_c595 _d595 |
||
| 001 | 3114124 | ||
| 003 | GZU | ||
| 005 | 20200908103852.0 | ||
| 008 | 731030t19651963nyu 000 0 eng | ||
| 010 | _a 65014196 | ||
| 020 | _a9780141186542 | ||
| 040 |
_aDLC _cDLC _dDLC |
||
| 041 | 1 | _aengfre | |
| 043 |
_ae-fr--- _af------ _af-ae--- |
||
| 050 | 0 | 0 |
_aDT33 _b.F313 1965 |
| 100 | 1 | _aFanon, Frantz, | |
| 240 | 1 | 0 |
_aDamnés de la terre. _lEnglish |
| 245 | 1 | 4 |
_aThe wretched of the earth/ _cFrantz Fanon |
| 260 |
_aEngland: _bPenguin Books _c1961 |
||
| 300 |
_a255 p. _c21 cm. |
||
| 650 | 0 | _aOffenses against the person. | |
| 651 | 0 |
_aFrance _xColonies _zAfrica. |
|
| 651 | 0 |
_aAlgeria _xHistory _y1945-1962. |
|
| 906 |
_a7 _bcbc _corignew _du _eocip _f19 _gy-gencatlg |
||
| 942 |
_cBK _h33 _iFAN _kDT |
||